[Event "Mittelfr. EM 2017 - Hauptturnier"]
[Site "Uttenreuth"]
[Date "2017.04.14"]
[Round "8.5"]
[White "Erlbeck, Peter"]
[Black "Kotitschke, Karlheinz"]
[Result "1-0"]
[WhiteElo "2061"]
[BlackElo "1962"]
[PlyCount "50"]
[EventDate "2017.??.??"]
[WhiteTeam "SC Schwarz-Weiß Nürnberg Süd e.V"]
[BlackTeam "SK Rothenburg e.V."]

1. e4 e6 2. d4 d5 3. e5 c5 4. c3 Qb6 5. Nf3 Nc6 6. a3 c4 7. Nbd2 Na5 8. h4 Nh6
9. g3 Bd7 10. Bh3 O-O-O 11. O-O f5 12. exf6 gxf6 13. Re1 e5 14. Bxd7+ Rxd7 15.
dxe5 Rg8 16. Kg2 Ng4 17. Re2 Bc5 18. e6 Re7 19. Qe1 Bxf2 20. Rxf2 Ne3+ 21. Kh2
Rxe6 22. Re2 Qc7 23. Ng5 fxg5 24. Rxe3 Rxe3 25. Qxe3 gxh4 1-0

[Event "Mittelfr. EM 2017 - Hauptturnier"]
[Site "Uttenreuth"]
[Date "2017.04.14"]
[Round "8.6"]
[White "Diller, Peter"]
[Black "Brenner, Christian"]
[Result "0-1"]
[WhiteElo "2006"]
[BlackElo "2032"]
[PlyCount "84"]
[EventDate "2017.??.??"]
[WhiteTeam "SK Rothenburg e.V."]
[BlackTeam "Spvg Zabo-Eintracht Nürnberg e.V"]

1. e4 c5 2. f4 Nc6 3. Nf3 d6 4. Nc3 e6 5. Be2 a6 6. a4 Qc7 7. d3 g6 8. Be3 Bg7
9. Qd2 Nge7 10. e5 dxe5 11. Bxc5 exf4 12. Ne4 Nf5 13. O-O b6 14. Ba3 Bb7 15.
Nfg5 h6 16. Nxf7 Kxf7 17. Rxf4 Be5 18. Raf1 Kg7 19. g4 Rad8 20. gxf5 exf5 21.
Ng3 Nd4 22. c3 Bxf4 23. Rxf4 Nxe2+ 24. Qxe2 Rhe8 25. Qd2 Qc6 26. Rf2 Re6 27.
Kf1 Rde8 28. c4 Kh7 29. b3 Qd7 30. Ne2 Re3 31. d4 Bf3 32. Ng1 Bh5 33. d5 Rxb3
34. Bb2 Ree3 35. Qd4 Rxb2 36. Rxb2 Qe7 37. Rxb6 Re1+ 38. Kf2 Re2+ 39. Nxe2
Qxe2+ 40. Kg1 Qe1+ 41. Kg2 Qe2+ 42. Kg3 Qf3+ 0-1

[Event "Mittelfr. EM 2017 - Hauptturnier"]
[Site "Uttenreuth"]
[Date "2017.04.14"]
[Round "8.7"]
[White "Cordts, Elof"]
[Black "Meyer, Jürgen"]
[Result "1/2-1/2"]
[WhiteElo "1674"]
[BlackElo "1839"]
[PlyCount "70"]
[EventDate "2017.??.??"]
[WhiteTeam "SC Erlangen 48/88"]
[BlackTeam "SC Uttenreuth e.V."]

1. e4 c5 2. Nc3 d6 3. f4 g6 4. Nf3 Bg7 5. a4 Nc6 6. Bb5 Bd7 7. O-O e6 8. Bxc6
Bxc6 9. d3 Ne7 10. Qe1 O-O 11. Qh4 f6 12. h3 Qb6 13. Kh2 Rad8 14. b3 Qc7 15.
Bd2 d5 16. Kh1 dxe4 17. Nxe4 Nf5 18. Qf2 b6 19. Rae1 e5 20. Nh4 Nd4 21. Bc3
exf4 22. Bxd4 Rxd4 23. Qxf4 Qxf4 24. Rxf4 g5 25. Nf5 gxf4 26. Ne7+ Kf7 27. Nxc6
Rd7 28. a5 Rc8 29. Nxa7 Ra8 30. axb6 Bf8 31. Nb5 Rb8 32. Na3 Rxb6 33. Nc4 Rc6
34. Na5 Rc8 35. Nc4 Rc6 1/2-1/2

[Event "Mittelfr. EM 2017 - Hauptturnier"]
[Site "Uttenreuth"]
[Date "2017.04.15"]
[Round "9.1"]
[White "Saathoff, Richard"]
[Black "Link, Andreas"]
[Result "1-0"]
[WhiteElo "2124"]
[BlackElo "2015"]
[PlyCount "76"]
[EventDate "2017.??.??"]
[WhiteTeam "SC Schwarz-Weiß Nürnberg Süd e.V"]
[BlackTeam "Spvg Zabo-Eintracht Nürnberg e.V"]

1. e4 c5 2. Nf3 d6 3. d4 cxd4 4. Nxd4 Nf6 5. Nc3 g6 6. Be3 Bg7 7. f3 Nc6 8. Qd2
O-O 9. Bc4 Bd7 10. O-O-O Qa5 11. h4 Rfc8 12. Bb3 h5 13. Kb1 a6 14. Nxc6 Rxc6
15. Bg5 Rac8 16. e5 Rxc3 17. exf6 exf6 18. Be3 Rxb3 19. Qxa5 Rxe3 20. Rxd6 Bc6
21. Rd8+ Re8 22. Rhd1 Bf8 23. Rxc8 Rxc8 24. Rd8 Rxd8 25. Qxd8 Kg7 26. Qd4 Be7
27. c4 Kg8 28. a3 f5 29. b4 Bf8 30. Qd8 Kg7 31. Qb6 Kg8 32. Kc2 Ba4+ 33. Kd3
Bc6 34. Kc3 Be7 35. Kb3 Bxh4 36. a4 Bg3 37. b5 axb5 38. axb5 Bd7 1-0

[Event "Mittelfr. EM 2017 - Hauptturnier"]
[Site "Uttenreuth"]
[Date "2017.04.15"]
[Round "9.2"]
[White "Brenner, Christian"]
[Black "Tong, Kevin"]
[Result "0-1"]
[WhiteElo "2032"]
[BlackElo "2046"]
[PlyCount "62"]
[EventDate "2017.??.??"]
[WhiteTeam "Spvg Zabo-Eintracht Nürnberg e.V"]
[BlackTeam "SC Erlangen 48/88"]

1. e4 e5 2. Nf3 Nc6 3. Bb5 a6 4. Ba4 Nf6 5. O-O Be7 6. Re1 b5 7. Bb3 d6 8. c3
O-O 9. h3 Nb8 10. d4 Nbd7 11. Nbd2 Bb7 12. Bc2 Re8 13. Nf1 Bf8 14. Ng3 g6 15.
Bg5 h6 16. Bd2 exd4 17. cxd4 c5 18. d5 Bg7 19. Qc1 Kh7 20. Bf4 Qb6 21. h4 Ng4
22. Qd2 Bxb2 23. Rab1 Bg7 24. h5 Nde5 25. Nh2 Bc8 26. Nxg4 Bxg4 27. f3 Bd7 28.
Kh2 Qd8 29. Rh1 Nc4 30. hxg6+ fxg6 31. Qc1 Bd4 0-1

[Event "Mittelfr. EM 2017 - Hauptturnier"]
[Site "Uttenreuth"]
[Date "2017.04.15"]
[Round "9.3"]
[White "Seibold, Hubert, Dr."]
[Black "Wittmann, Helmut"]
[Result "1/2-1/2"]
[WhiteElo "2117"]
[BlackElo "2067"]
[PlyCount "75"]
[EventDate "2017.??.??"]
[WhiteTeam "SK Zirndorf e.V."]
[BlackTeam "BSG Wöhrlhaus Erlangen"]

1. Nf3 d5 2. d4 Bg4 3. Ne5 Bf5 4. c4 c6 5. cxd5 Bxb1 6. Rxb1 Qxd5 7. e3 e6 8.
a3 Bd6 9. Nc4 Bc7 10. Qd3 Nf6 11. Nd2 O-O 12. e4 Qg5 13. g3 e5 14. Bg2 exd4 15.
Nf3 Qa5+ 16. b4 Qa6 17. Qxa6 Nxa6 18. Nxd4 Bb6 19. Be3 Rfe8 20. f3 Nd5 21. Bf2
c5 22. Nc2 cxb4 23. axb4 Rac8 24. Bxb6 Rxc2 25. Bf2 Nc3 26. Rb3 Rd8 27. O-O
Rdd2 28. Rxc3 Rxc3 29. Be1 Rcc2 30. Bxd2 Rxd2 31. Rc1 Rd8 32. b5 Nb4 33. Rc7
Rb8 34. f4 a6 35. bxa6 Nxa6 36. Rd7 Nc5 37. Rc7 Na6 38. Rd7 1/2-1/2

[Event "Mittelfr. EM 2017 - Hauptturnier"]
[Site "Uttenreuth"]
[Date "2017.04.15"]
[Round "9.4"]
[White "Böhme, Sebastian"]
[Black "Erlbeck, Peter"]
[Result "1/2-1/2"]
[WhiteElo "2122"]
[BlackElo "2061"]
[PlyCount "123"]
[EventDate "2017.??.??"]
[WhiteTeam "SC Uttenreuth e.V."]
[BlackTeam "SC Schwarz-Weiß Nürnberg Süd e.V"]

1. e4 c5 2. Nf3 Nc6 3. Bb5 g6 4. Bxc6 dxc6 5. d3 Bg7 6. h3 Nf6 7. O-O e5 8.
Nxe5 Nxe4 9. Nxf7 Kxf7 10. dxe4 Qf6 11. c3 Be6 12. Nd2 Rhf8 13. Qf3 Kg8 14.
Qxf6 Rxf6 15. Nf3 Bxh3 16. gxh3 Rxf3 17. Be3 Rxh3 18. Rad1 Rf3 19. Bxc5 Rf7 20.
Rd3 b6 21. Be3 Re8 22. f3 c5 23. Kg2 h6 24. Rd6 g5 25. a4 g4 26. Bxh6 Bxh6 27.
Rxh6 gxf3+ 28. Rxf3 Rg7+ 29. Kf2 Rxe4 30. a5 bxa5 31. Rf5 Re8 32. Rc6 Rb8 33.
Rcxc5 Rxb2+ 34. Ke3 Rb8 35. Rxa5 Rg3+ 36. Kd4 Rg4+ 37. Kd3 Rc8 38. Rfc5 Rxc5
39. Rxc5 Ra4 40. Rf5 a5 41. c4 Ra1 42. Kc2 Kg7 43. Kb2 Kg6 44. Rf3 Ra4 45. Kb3
Rb4+ 46. Kc3 Rb8 47. Kd4 a4 48. Kd5 Rb3 49. Rf1 a3 50. Kd6 a2 51. Ra1 Rb6+ 52.
Kc7 Rb2 53. c5 Kf6 54. c6 Ke6 55. Kc8 Kd6 56. c7 Rh2 57. Rd1+ Kc6 58. Rc1+ Kd6
59. Kb8 Rb2+ 60. Ka7 Rb1 61. Rxb1 axb1=Q 62. c8=Q 1/2-1/2

[Event "Mittelfr. EM 2017 - Hauptturnier"]
[Site "Uttenreuth"]
[Date "2017.04.15"]
[Round "9.5"]
[White "Diller, Peter"]
[Black "Böhme, Markus"]
[Result "1-0"]
[WhiteElo "2006"]
[BlackElo "1957"]
[PlyCount "111"]
[EventDate "2017.??.??"]
[WhiteTeam "SK Rothenburg e.V."]
[BlackTeam "SC Uttenreuth e.V."]

1. e4 c5 2. f4 d5 3. e5 Nc6 4. Nf3 Nh6 5. c3 Bg4 6. Be2 e6 7. d3 Nf5 8. Na3 Qb6
9. Nc2 Be7 10. O-O O-O 11. Rb1 f6 12. Nce1 Qc7 13. exf6 Bxf6 14. Ng5 Bxe2 15.
Qxe2 Rae8 16. Qh5 g6 17. Qg4 e5 18. fxe5 Nxe5 19. Qh3 Re7 20. Bf4 Qa5 21. a3
Qa4 22. g4 Nxg4 23. Qxg4 Ne3 24. b3 Bxc3 25. bxa4 Nxg4 26. h3 Bd4+ 27. Kg2 Re2+
28. Kf3 Nh2+ 29. Kxe2 Nxf1 30. Rxb7 Rxf4 31. Rb8+ Rf8 32. Rxf8+ Kxf8 33. Kxf1
Be3 34. Ne6+ Ke7 35. Nc2 Kxe6 36. Nxe3 Ke5 37. Kf2 Kd4 38. Ke2 c4 39. a5 c3 40.
Nc2+ Kc5 41. Ke3 g5 42. Ne1 h5 43. Nc2 Kb5 44. Kd4 Kxa5 45. Kxc3 g4 46. hxg4
hxg4 47. d4 Ka4 48. Kb2 a5 49. Ne3 g3 50. Ng2 Kb5 51. Kb3 Kb6 52. a4 Kc6 53.
Kc3 Kd6 54. Kd3 Ke6 55. Ke3 Kf5 56. Kf3 1-0

[Event "Mittelfr. EM 2017 - Hauptturnier"]
[Site "Uttenreuth"]
[Date "2017.04.15"]
[Round "9.6"]
[White "Kotitschke, Karlheinz"]
[Black "Meyer, Jürgen"]
[Result "1/2-1/2"]
[WhiteElo "1962"]
[BlackElo "1839"]
[PlyCount "34"]
[EventDate "2017.??.??"]
[WhiteTeam "SK Rothenburg e.V."]
[BlackTeam "SC Uttenreuth e.V."]

1. f4 d5 2. Nf3 Nf6 3. g3 c6 4. d3 Bg4 5. Bg2 e6 6. O-O Bc5+ 7. d4 Bb6 8. Ne5
Bh5 9. c3 O-O 10. Nd2 Nbd7 11. h3 Nxe5 12. fxe5 Nd7 13. Kh1 f6 14. g4 Bg6 15.
exf6 Rxf6 16. Nf3 Rf8 17. Bg5 Qe8 1/2-1/2

[Event "Mittelfr. EM 2017 - Hauptturnier"]
[Site "Uttenreuth"]
[Date "2017.04.15"]
[Round "9.7"]
[White "Konsek, Peter"]
[Black "Cordts, Elof"]
[Result "1-0"]
[WhiteElo "2083"]
[BlackElo "1674"]
[PlyCount "33"]
[EventDate "2017.??.??"]
[WhiteTeam "SC Schwarz-Weiß Nürnberg Süd e.V"]
[BlackTeam "SC Erlangen 48/88"]

1. e4 c5 2. d4 cxd4 3. c3 dxc3 4. Nxc3 Nc6 5. Nf3 e6 6. Bc4 a6 7. O-O Be7 8.
Qe2 Qc7 9. Rd1 Nf6 10. e5 Ng4 11. Bf4 g5 12. Nxg5 Ngxe5 13. Bxe6 fxe6 14. Qh5+
Kf8 15. Nxe6+ dxe6 16. Bh6+ Kg8 17. Qe8+ 1-0